Normal view
MARC view
- تاليف الصويركي،محمد علي
Entry Personal Name
001 - CONTROL NUMBER
- control field: 22282
003 - CONTROL NUMBER IDENTIFIER
- control field: JO-AjAnu
005 - DATE AND TIME OF LATEST TRANSACTION
- control field: 20230606073840.0
008 - FIXED-LENGTH DATA ELEMENTS
- fixed length control field: 230606|| aca||aabn | a|a d
040 ## - CATALOGING SOURCE
- Original cataloging agency: JO-AjAnu
- Transcribing agency: JO-AjAnu
100 ## - HEADING--PERSONAL NAME
- Personal name: تاليف الصويركي،محمد علي
670 ## - SOURCE DATA FOUND
- Source citation: Work cat.: (JO-AjAnu)11450: تاليف الصويركي،محمد علي, author, التعبير الشفوي حقيقته،واقعه،أهدافه،مهاراته،طرق تدريسه وتقويمه